Tratado de derecho civil
Պահպանված է:
| Հիմնական հեղինակ: | |
|---|---|
| Ձևաչափ: | Գիրք |
| Լեզու: | իսպաներեն |
| Հրապարակվել է: |
Madrid
Revista de Derecho Privado
1956
|
| Շարք: | Grandes Tratados Generales de Derecho Privado y Público, 39
|
| Խորագրեր: | |
| Ցուցիչներ: |
Ավելացրեք ցուցիչ
Չկան պիտակներ, Եղեք առաջինը, ով նշում է այս գրառումը!
|
MARC
| LEADER | 00000nam a2200000 a 4500 | ||
|---|---|---|---|
| 001 | UCS1599 | ||
| 003 | CL-VaPUC | ||
| 008 | 970515e19560000SP |||||||||||||||||spa|d | ||
| 082 | 0 | 4 | |a 346.43 |b LEH |2 21 |
| 100 | 0 | |a Lehmann, Heinrich |e author |9 386175 | |
| 245 | 1 | 0 | |a Tratado de derecho civil |
| 300 | |a v | ||
| 942 | |c BK | ||
| 945 | |d 19970515 00:00:00 |a cmena | ||
| 260 | |a Madrid |b Revista de Derecho Privado |c 1956 | ||
| 500 | |a v.1: Parte general | ||
| 500 | |a v.4: Derecho de familia | ||
| 650 | 0 | |a Derecho civil |9 255013 | |
| 650 | 0 | |a Derecho alemán |9 385144 | |
| 650 | 0 | |a Código civil |9 256135 | |
| 650 | 0 | |a Normas jurídicas |9 258310 | |
| 650 | 0 | |a Actos jurídicos |9 255748 | |
| 650 | 0 | |a Voluntad |9 307812 | |
| 650 | 0 | |a Obligaciones |9 255578 | |
| 650 | 7 | |a RESPONSABILIDAD CIVIL |2 CL-VaPUC |9 386176 | |
| 650 | 0 | |a Personalidad jurídica |9 315329 | |
| 651 | 0 | |a Alemania |9 255688 | |
| 583 | |a last modification |c 19970515 00:00:00 |k Rodrigo Vera | ||
| 490 | 0 | |a Grandes Tratados Generales de Derecho Privado y Público, 39 | |
| 999 | |c 259636 |d 259634 | ||
| 952 | |0 0 |1 0 |4 0 |6 346_430000000000000_LEH_1956 |7 0 |8 A |9 284764 |a BIBDER |b BIBDER |d 2019-11-19 |h v.1 |i 1851896 |o 346.43 LEH 1956 |p 1851896 |r 2023-01-25 |w 2019-11-19 |y BK |k DER | ||
| 952 | |0 0 |1 0 |4 0 |6 346_430000000000000_LEH_1956 |7 0 |8 A |9 284765 |a BIBDER |b BIBDER |d 2019-11-19 |h v.4 |i 1876309 |o 346.43 LEH 1956 |p 1876309 |r 2023-01-25 |w 2019-11-19 |y BK |k DER | ||